000 01715cam a2200385 a 4500
001 withfacelikemine00berm
003 CaSfIA
005 20210119123202.0
007 cr||||
008 810708s1981 nyu j 000 1 eng
010 _a 80070417
040 _aDLC
_cDLC
_dOCL
_dBAKER
_dBTCTA
_dCaSfIA
020 _a087777062X
020 _a9780877770626
035 _a(OCoLC)7557987
042 _alcac
050 0 0 _aPZ7.B4542
_bWi 1981
082 0 0 _a[Fic]
_219
100 1 _aBerman, Sharon L.
245 1 0 _aWith a face like mine you need personality /
_h[electronic resource]
_cby Sharon L. Berman.
250 _a1st ed.
260 _aNew York :
_bR.W. Baron Pub. Co.,
_cc1981.
300 _a188 p. ;
_c21 cm.
520 _aAlthough Raina-Anne hates her name, her appearance, her widowed father's new girl friend, and her boring life in a small Tennessee town, circumstances improve when she becomes best friends with sophisticated Arielle.
650 1 _aFriendship
_vFiction.
650 1 _aSelf-acceptance
_vFiction.
650 1 _aFathers and daughters
_vFiction.
651 1 _aTennessee
_vFiction.
856 4 1 _uhttp://www.archive.org/details/withfacelikemine00berm
_zFree eBook from the Internet Archive
856 4 2 _uhttp://www.openlibrary.org/books/OL4123088M
_zAdditional information and access via Open Library
029 1 _aAU@
_b000005122962
942 _cEB
506 _fНеобхідна авторизація на https://archive.org/ (створення облікового запису безкоштовно)
506 _fНеобхідна авторизація на https://openlibrary.org/ (створення облікового запису безкоштовно)
999 _c566889
_d566889